000 00653nam a22001937a 4500
003 OSt
005 20260126082227.0
008 260126b |||||||| |||| 00| 0 eng d
020 _a0-07-294573-7.
040 _aDWCL-Main lib
_cOC
082 _21st edition
_aCirc. 621.3822 S386d 2005
100 _aSchuler, Charles A.
245 _aDigital signal processing :
_ba hands-on approach
_cSchuler, Charles A.
260 _aN. Y. :
_bMcGraw-Hill Co.,
_cc2005.
300 _axv, 288 pages :
_billustration ;
_c27 cm. + 1 CD-ROM.
650 _a1. Signal processing-Digital techniques.
700 _aChugani, Mahesh L.
942 _2ddc
_cBK-CIRC
_e1st ed.
_kCirc.
_n0
999 _c7828
_d7828